000 00289nam a2200097Ia 4500
008 120527s9999 xx 000 0 und d
100 _aJabbur,M.A.et al.
245 _aAlley farming for improving small ruminat productivity in west
260 _bInternational livestock research
942 _cBK
999 _c20956
_d20956